00541nam a22001697a 450000500170000001000150001702000250003203500130005703700130007008200110008310000270009424501110012126000420023227000600027430000340033470000030036820100818104120.0 aENG-100776 a978812074712c100.00 aEN-84309 bDBAD/PUB a230.35 aKakarya, Rabinder Nath aShri Sai Baba the saviour :cby Rabinder Nath Kakaryablife sketch of shri Sai Baba, the saint of shirdi / aNew DelhibSterling Paperbacks c2009 aA-59, Okhla Industrial Area Phase-IIbNew Delhie110020 axvi,127 p. :c23cm (Pbk)bill